Statistics for Countries Apart From South Sudan That.....

Click here to take the quiz!

General Stats

  • This quiz has been taken 87 times
  • The average score is 9 of 15

Answer Stats

Answer% Correct
Begin with SOSomalia
90%
Begin with SOSouth Korea
88%
Begin with SOSouth Africa
85%
End in N(Africa)Sudan
79%
End in N(Africa)Benin
70%
End in N(Africa)Gabon
70%
Have capital beginning with JIndonesia
60%
End in N(Africa)Cameroon
57%
Begin with SOSolomon Islands
53%
Joined UN after 1999Montenegro
48%
Joined UN after 1999Serbia
46%
Have capital beginning with JIsrael
38%
Joined UN after 1999Timor-Leste
32%
Joined UN after 1999Switzerland
31%
Joined UN after 1999Tuvalu
23%

Score Distribution

Percentile by Number Answered

Percent of People with Each Score

Your Score History

You have not taken this quiz